|
|
|
|
| LEADER |
00000nab a2200000 a 4500 |
| 001 |
vtls001028899 |
| 003 |
SK-MaSNL |
| 005 |
20260303040033.0 |
| 008 |
040720e20010523xo 0 slo |
| 035 |
|
|
|a SL7453
|
| 040 |
|
|
|a SLLK
|b slo
|c SLLK
|e AACR2
|
| 041 |
0 |
|
|a slo
|
| 044 |
|
|
|a xo
|c SK
|
| 080 |
|
|
|a 351.778.5
|2 1981
|
| 100 |
1 |
|
|a (pet, rbj, olo)
|4 aut
|9 1023553
|
| 245 |
1 |
0 |
|a Platná i pripravovaná legislatíva o bytoch vytvára diskriminačné prostredie
|
| 300 |
|
|
|b 1 foto
|
| 650 |
0 |
7 |
|a byty
|2 SLLK
|9 3905
|
| 650 |
0 |
7 |
|a vlastníctvo osobné
|2 SLLK
|9 843277
|
| 650 |
0 |
7 |
|a odkúpenie
|2 SLLK
|9 877352
|
| 650 |
0 |
7 |
|a pripomienky
|2 SLLK
|9 877739
|
| 651 |
|
7 |
|a SL,
|2 SLLK
|9 1022390
|
| 655 |
|
7 |
|a periodikum
|2 snkbucl
|9 29553
|
| 700 |
1 |
|
|a Talarčík, Milan
|4 fot
|9 1022396
|
| 773 |
0 |
8 |
|t Tatranský denník
|g Roč. 3, č.117, 23.5.2001, s. 1
|
| 852 |
|
|
|a ZVYKNI
|b KIS3GCP
|
| 999 |
|
|
|c 1680121
|d 1682051
|